Súkromné či veřejné prosazování soutěžního práva

Funkcie súťažného práva a jeho presadzovanie. Verejné presadzovanie ako podpora súkromného presadzovania.

Enregistré dans:
Détails bibliographiques
Auteur principal: Neruda, Robert
Format: Chapitre de livre
Langue:tchèque
Sujets:
Tags: Ajouter un tag
Pas de tags, Soyez le premier à ajouter un tag!

MARC

LEADER 00000naa a2200000 4500
001 0162002
005 20231128124630.3
041 0 |a cze 
044 |a CZ 
245 1 0 |a Súkromné či veřejné prosazování soutěžního práva  |c Robert Neruda 
520 |a Funkcie súťažného práva a jeho presadzovanie. Verejné presadzovanie ako podpora súkromného presadzovania. 
610 2 0 |a Európa 
610 2 0 |a história 
610 2 0 |a inštitúcie verejnoprávne 
610 2 0 |a politika protimonopolná 
610 2 0 |a kartely 
610 2 0 |a dohody 
100 1 |a Neruda, Robert